<?xml version="1.0" encoding="UTF-8"?>
<record
    xmlns:xsi="http://www.w3.org/2001/XMLSchema-instance"
    xsi:schemaLocation="http://www.loc.gov/MARC21/slim http://www.loc.gov/standards/marcxml/schema/MARC21slim.xsd"
    xmlns="http://www.loc.gov/MARC21/slim">

  <leader>01090nam a22002777a 4500</leader>
  <controlfield tag="008">110530s2005    ua|||||r|||| 000 f eng d</controlfield>
  <datafield tag="020" ind1=" " ind2=" ">
    <subfield code="a">9774249631</subfield>
  </datafield>
  <datafield tag="020" ind1=" " ind2=" ">
    <subfield code="a">9789774249631 </subfield>
  </datafield>
  <datafield tag="082" ind1=" " ind2=" ">
    <subfield code="2">22</subfield>
    <subfield code="a">892.737</subfield>
    <subfield code="b">KHE</subfield>
  </datafield>
  <datafield tag="100" ind1=" " ind2=" ">
    <subfield code="9">24484</subfield>
    <subfield code="a">Khudayri, Batul</subfield>
  </datafield>
  <datafield tag="240" ind1=" " ind2=" ">
    <subfield code="a">&#x627;&#x644;&#x63A;&#x627;&#x626;&#x628;</subfield>
    <subfield code="l">Eng</subfield>
  </datafield>
  <datafield tag="245" ind1=" " ind2=" ">
    <subfield code="a">Absent /</subfield>
    <subfield code="c">Betool Khedairi; Translated by Muhayman Jamil</subfield>
  </datafield>
  <datafield tag="260" ind1=" " ind2=" ">
    <subfield code="a">Cairo :</subfield>
    <subfield code="b">The American University in Cairo Press, 2005.</subfield>
    <subfield code="c">2005</subfield>
  </datafield>
  <datafield tag="300" ind1=" " ind2=" ">
    <subfield code="a">vii, 214 p. ; </subfield>
    <subfield code="c">24 cm.</subfield>
  </datafield>
  <datafield tag="490" ind1=" " ind2=" ">
    <subfield code="9">24461</subfield>
    <subfield code="a">Modern Arabic Literature</subfield>
  </datafield>
  <datafield tag="500" ind1=" " ind2=" ">
    <subfield code="a">Originally published in Arabic: 2004,  Ghayib</subfield>
  </datafield>
  <datafield tag="546" ind1=" " ind2=" ">
    <subfield code="a">Translated from the Arabic</subfield>
  </datafield>
  <datafield tag="650" ind1=" " ind2=" ">
    <subfield code="9">24481</subfield>
    <subfield code="a">Young women </subfield>
    <subfield code="v">Fiction</subfield>
    <subfield code="z">Iraq </subfield>
    <subfield code="z">Baghdad </subfield>
  </datafield>
  <datafield tag="650" ind1=" " ind2=" ">
    <subfield code="9">24482</subfield>
    <subfield code="a">Persian Gulf War, 1991 </subfield>
    <subfield code="v">Fiction</subfield>
  </datafield>
  <datafield tag="651" ind1=" " ind2=" ">
    <subfield code="9">24483</subfield>
    <subfield code="a">Baghdad (Iraq)</subfield>
    <subfield code="v">Fiction</subfield>
  </datafield>
  <datafield tag="655" ind1=" " ind2=" ">
    <subfield code="9">24454</subfield>
    <subfield code="a">Arabic fiction</subfield>
  </datafield>
  <datafield tag="653" ind1=" " ind2=" ">
    <subfield code="b">ENG</subfield>
    <subfield code="c">May2011</subfield>
  </datafield>
  <datafield tag="700" ind1=" " ind2=" ">
    <subfield code="9">24480</subfield>
    <subfield code="a">Jamil, Muhayman</subfield>
    <subfield code="e">trl</subfield>
  </datafield>
  <datafield tag="942" ind1=" " ind2=" ">
    <subfield code="2">ddc</subfield>
    <subfield code="c">BB</subfield>
  </datafield>
  <datafield tag="999" ind1=" " ind2=" ">
    <subfield code="c">15483</subfield>
    <subfield code="d">15483</subfield>
  </datafield>
  <datafield tag="952" ind1=" " ind2=" ">
    <subfield code="0">0</subfield>
    <subfield code="1">0</subfield>
    <subfield code="2">ddc</subfield>
    <subfield code="4">0</subfield>
    <subfield code="7">0</subfield>
    <subfield code="8">Baccah</subfield>
    <subfield code="a">MAIN</subfield>
    <subfield code="b">MAIN</subfield>
    <subfield code="c">2ND</subfield>
    <subfield code="d">2011-05-30</subfield>
    <subfield code="e">purchase</subfield>
    <subfield code="g">80.00</subfield>
    <subfield code="h">12339</subfield>
    <subfield code="l">3</subfield>
    <subfield code="m">5</subfield>
    <subfield code="o">892.737 KHE</subfield>
    <subfield code="p">000023810</subfield>
    <subfield code="r">2025-07-15 00:00:00</subfield>
    <subfield code="s">2020-12-24</subfield>
    <subfield code="y">BB</subfield>
  </datafield>
</record>
